| 000 | 00908nam0a22002771 4500 | ||
|---|---|---|---|
| 001 | rc\4270748 | ||
| 005 | 20130416120956.7 | ||
| 021 |
_aRU _bП691-66 |
||
| 035 | _a(NLR Aleph) 008241220 | ||
| 090 |
_a8278577 _c8278577 |
||
| 100 | _a20130416d1966 |||y0rusy50 ca | ||
| 101 | 0 | _arus | |
| 102 | _aRU | ||
| 105 | _aa z ||||| | ||
| 200 | 1 | _aГимнастика для предупреждения полноты | |
| 210 |
_a[Москва _cБ. и. _d1966] |
||
| 215 |
_a[4] с. _cил. _d29 |
||
| 300 | _aПрил. № 1 к "Журналу мод" № 1 (83). Весна 1966 г. (Вкладка) | ||
| 300 | _aБез тит. л. и обл. | ||
| 422 | 0 | _12001#$aЖурнал мод$vВесна 1966 г., № 1 (83). (Вкладка) | |
| 700 | 1 |
_aБородачева _bЕ. С. |
|
| 801 | 0 |
_aRU _bNLR _gpsbo |
|
| 801 | 1 |
_aRU _bELAR _2rusmarc |
|
| 852 |
_aNLR _jП12/14прил. |
||
| 942 | _cBOOK | ||
| 980 | _aNB | ||